MARC

LEADER 00000nas a2200000 i 4500
001 ssj0001766160
003 WaSeSS
005 20200512172242.0
006 m d
007 cr n
008 150624c20109999ck fr p s 0 0spa c
010 |a  2016240225 
022 |a 2346-3414  |l 2216-0973 
035 |a (WaSeSS)ssj0001766160 
040 |a CNCGM  |b eng  |e pn  |c CNCGM  |d AU@  |d CUS  |d IXA  |d OCLCO  |d OCLCF  |d OCLCO  |d CUS  |d CUI  |d OCLCO  |d OCLCA  |d UAB  |d STF  |d OCLCO  |d OCLCQ  |d COO  |d OCLCO  |d OCLCA  |d OCLCQ  |d OCLCA  |d CRU  |d OCLCO  |d OCLCQ  |d WYU  |d OCLCO  |d OCLCA  |d VT2  |d OCLCQ  |d WaSeSS 
041 0 |a spa  |a por  |b eng 
042 |a pcc 
043 |a s-ck--- 
050 1 4 |a RT1 
210 0 |a Cuid.  |b (En línea) 
222 0 |a Cuidarte  |b (En línea) 
245 0 0 |a Revista Cuidarte  |h [electronic resource]. 
260 |a Bucaramanga, Colombia :  |b Universidad de Santander, UDES, Programa de Enfermería,  |c 2010- 
310 |a Semiannual,  |b 2013- 
321 |a Annual,  |b 2010-2012 
362 1 |a Began with vol. 1, núm. 1 (2010). 
506 |a License restrictions may limit access. 
546 |a In Spanish. some Portuguese; abstracts in English and Spanish. 
588 |a Description based on: Vol. 1, núm. 1 (2010); title from HTML header (publisher's Web site, viewed June 16, 2016). 
588 |a Latest issue consulted: Vol. 7, no. 1 (enero-junio 2016) (viewed June 16, 2016). 
650 0 |a Nursing  |v Periodicals. 
650 0 |a Nursing  |z Colombia  |v Periodicals. 
650 0 |a Medicine  |v Periodicals. 
650 0 |a Medicine  |z Colombia  |v Periodicals. 
650 2 |a Nursing. 
650 2 |a Medicine. 
650 7 |a Medicine.  |2 fast  |0 (OCoLC)fst01014893 
650 7 |a Nursing.  |2 fast  |0 (OCoLC)fst01041731 
651 2 |a Colombia. 
651 7 |a Colombia.  |2 fast  |0 (OCoLC)fst01205916 
655 0 |a Electronic journals. 
710 2 |a Universidad de Santander (Bucaramanga, Colombia).  |b Programa de Enfermería. 
776 0 8 |i Print version:  |t Revista Cuidarte (Bucaramanga)  |x 2216-0973 
856 4 0 |z Full text available from Research Library: 01/01/2010 to present  |u https://search.proquest.com/publication/2046266